Fr. Conceicao Rodrigues College of Engineering

Production Welding (Record no. 27379)

MARC details
000 -LEADER
fixed length control field 00269nam a2200133Ia 4500
082 ## - DEWEY DECIMAL CLASSIFICATION NUMBER
Classification number 671.52
100 ## - MAIN ENTRY--PERSONAL NAME
Personal name Woods.P.F
245 ## - TITLE STATEMENT
Title Production Welding
260 ## - PUBLICATION, DISTRIBUTION, ETC.
Name of publisher, distributor, etc. McGraw Hill
Place of publication, distribution, etc. London
Date of publication, distribution, etc. 1971
300 ## - PHYSICAL DESCRIPTION
Extent 210
546 ## - LANGUAGE NOTE
Language note ENGLISH
654 ## - SUBJECT ADDED ENTRY--FACETED TOPICAL TERMS
Focus term Welding
942 ## - ADDED ENTRY ELEMENTS (KOHA)
Koha item type BOOK
Holdings
Withdrawn status Lost status Damaged status Not for loan Collection Home library Current library Date acquired Cost, normal purchase price Inventory number Total Checkouts Full call number Barcode Date last seen Cost, replacement price Price effective from Koha item type
        AFT Fr. Agnel's C.Rodrigues College of Engineering Fr. Agnel's C.Rodrigues College of Engineering 17/03/2023 85.00 T-280   671.52 AFT1615 17/03/2023 85.00 17/03/2023 BOOK